000 00541nam a2200205Ia 4500
005 20260429112126.0
008 260429s9999||||xx |||||||||||||| ||und||
020 _a9789362249425
041 _aEnglish
082 _a658.872
_bBHA
100 _aBhaskar Kumar
245 0 _aGreen marketing in hospitality industry /
_cBhaskar Kumar
250 _a1st ed.
260 _aNew Delhi :
_bDiscovery Publishing House,
_c2025.
300 _avi, 277 p.; hb
650 _a Hospital
650 _a Industry
650 _aMarketing
942 _cTB
999 _c52478
_d52478